Регионална библиотека "Любен Каравелов" - Русе

Oeuvres complеtes (Запис номер 401725)

MARC детайли
000 -Лидер
Контролно поле с фиксирана дължина nam a22 7a 4500
003 - Код на организацията, давaща контролен номер
Контролно поле BLK
005 - Дата и час на последна редакция
Контролно поле 20210623104820.0
008 - Елементи от данни с фиксирана дължина
fixed length control field 210323b bu |||||||||||||| ||bu ||
040 ## - Източник на каталожния запис
Идентификатор на билиотеката - собственик на записа BLK
041 ## - Код за език
Код за езика на текст/звукозапис или на отделно заглавие Френски
Код за езика КДБФ Френски
080 ## - УДК
Текстов определител УДК Икономически науки в цялост. Политическа икономия. Вж и 338 ; 65
УДК код - определител по УДК 330
УДК - код + определител 330
100 ## - Редна дума - Автор
R(LIN) 1299
Автор Bastiat, Frеdеric
Авторска отговорност първи автор
139 ## - Редно поле
Редна дума Bastiat, Frеdеric
245 ## - Сведения за заглавието
Заглавие Oeuvres complеtes
Редно поле (дума) Frеdеric Bastiat
Том Tome 2
Заглавие на том Libre-Еchange
250 ## - Област на изданието
Сведения за изданието 3 изд.
260 ## - Област на издателските данни
9 (RLIN) 219516
Място на издаване, разпространение и проч. Paris
Име на издателя, разпространителя и проч. Guillaumin
Година на издаване 1879
300 ## - Физическа характеристика
Размери/Мащаб 18 см
380 ## - Жанр
Жанр Обществени науки
490 ## - СЕРИИ (Колекции)
9 (RLIN) 443795
Име на серия Biblioteque des sciences morales et politiques
490 ## - СЕРИИ (Колекции)
9 (RLIN) 435080
Име на серия Колекция Редки и ценни издания
650 #7 - Допълнително описание по предмет – тема
9 (RLIN) 166929
Основно описание – тема или топоним Политическа икономия - теория
760 ## - Описание на основната серия
Редна дума на основното описание Bastiat, Frеdеric
Страници - том 488 с.
Част - том Tome 2 Libre-Еchange
Заглавие Oeuvres complеtes
852 ## - Местоположение
Форматна сигнатура Рф 879
Фондова буква Редки и ценни
999 ## - СИСТЕМНИ КОНТРОЛНИ НОМЕРА
Koha biblionumber 401725
Koha biblioitemnumber 401725
942 ## - АРТИКУЛИ
Вид на библиотечния материал Книги
Скрит в OPAC Не
Периодичен библиозапис Да
944 ## - СЪЗДАВАНЕ И РЕДАКЦИЯ на ЗАПИСА
Създаване/Редакция Създаване
Дата на регистрацията/редакция 2021-03-23
Служител, извършил регистрацията/редакцията К.Д.
999 ## - СИСТЕМНИ КОНТРОЛНИ НОМЕРА
Koha biblioitemnumber 401725
Наличности
Код за отписване Код за изгубен артикул Източник на класификационната схема Код за повреда Коз за рестрикции Код за отдаване Артикулен № Име на библиотеката - собственик Име на библиотеката, в която се намира в момента Статус (Текущо местоположение) Дата на вписване в системата Местоположение - отдел Цена в лева Инвентарен номер Систематично азбучна сигнатура Баркод Цена в евро Служебен тип на артикула
  Не е изгубен Universal Decimal Classification Не е повреден само за читалня Специални фондове ( старопечатни, редки и ценни, фонд М. Арнаудов) 854867 Регионална библиотека "Любен Каравелов" Русе Регионална библиотека "Любен Каравелов" Русе Редки и ценни 2021-09-24 Редки и ценни 0.98 14222-II Рф 879 900000041886 0.50 Книги
Vip Innovations Ltd, Rousse, Bulgaria 2025